Artificio natura /
保存先:
| 第一著者: | |
|---|---|
| その他の著者: | |
| フォーマット: | 図書 |
| 言語: | Spanish English |
| 出版事項: |
San José, Costa Rica :
Museo de Arte y Diseño Comtemporáneo,
2002
|
| シリーズ: | Botánico
|
| 主題: | |
| タグ: |
タグ追加
タグなし, このレコードへの初めてのタグを付けませんか!
|
MARC
| LEADER | 00000nam a22000007a 4500 | ||
|---|---|---|---|
| 008 | 140710s2002 cr a|||| |||| 000 0 spa d | ||
| 041 | |a eng | ||
| 082 | 0 | 4 | |a 779.074 |b S718a |
| 100 | 1 | |a Soto, Cinthya | |
| 245 | 1 | 0 | |a Artificio natura / |c Cinthya Soto ; curador Rolando Barahona Sotela |
| 260 | |a San José, Costa Rica : |b Museo de Arte y Diseño Comtemporáneo, |c 2002 | ||
| 300 | |a 24 páginas : |b ilustraciones a color | ||
| 490 | 0 | |a Botánico | |
| 500 | |a A Cinthya Soto se le otorga el Premio Nacional de Artes Plásticas Aquileo J. Echeverría 2002 por la exposición Artificio Natura en el MADC -- Exposición realizada el 15 octubre 2002 al 31 enero 2003 | ||
| 650 | 1 | 7 | |a FOTOGRAFIA |v CATALOGOS |
| 700 | 1 | 2 | |a Barahona Sotela, Rolando |j curador |
| 942 | |2 ddc |c REF | ||
| 999 | |c 3370 |d 3370 | ||
